000 00356nam a2200121Ia 4500
005 20260326235501.0
008 260326s9999||||xx |||||||||||||| ||und||
100 _aLivio, Piero
245 4 _aThe Age of the Jamahiriya :
_b The Socialist People's libyan arab Jamahiriya /
_cPiero Livio
260 _bTourist Research & Panning
650 _aAFRICA
942 _cBK
999 _c8068
_d8068